LEADER 01156nam0 2200325 450 001 000026288 005 20090908100702.0 010 $a3-465-01279-8 010 $a3-465-01280-1 100 $a20090709d1977----km-y0itaa50------ba 101 0 $ager 102 $aDE 200 1 $aDer Expressionismus$etheologische, soziologische und anthropologische Aspekte einer Literatur$fWolfgang Rothe 210 $aFrankfurt am Main$cKlostermann$dc1977 215 $a467 p.$d23 cm 225 2 $a<> Abendland. Neue Folge$v9 410 0$12001$a<> Abendland. Neue Folge$v9 606 1 $aEspressionismo$xLetteratura 606 1 $zSec. 20. 676 $a800$v(21. ed.)$9Letteratura 700 1$aRothe,$bWolfgang$0132140 801 0$aIT$bUniversitą della Basilicata - B.I.A.$gRICA$2unimarc 912 $a000026288 996 $aDer Expressionismus$990497 997 $aUNIBAS BAS $aLETTERE CAT $aEXT10$b01$c20090709$lBAS01$h0931 CAT $aMDL$b00$c20090908$lBAS01$h1007 FMT Z30 -1$lBAS01$LBAS01$mBOOK$1BASA1$APolo Storico-Umanistico$2FMAS$BFondo Masini$3FMas/817/3028$6817/3028$5B817/3028$820090709$f04$FPrestabile Didattica LEADER 02230nam 2200541 450 001 9910480542903321 005 20180731044908.0 010 $a1-4704-0712-4 035 $a(CKB)3360000000464486 035 $a(EBL)3114020 035 $a(SSID)ssj0000889242 035 $a(PQKBManifestationID)11478613 035 $a(PQKBTitleCode)TC0000889242 035 $a(PQKBWorkID)10876189 035 $a(PQKB)11485693 035 $a(MiAaPQ)EBC3114020 035 $a(PPN)195411838 035 $a(EXLCZ)993360000000464486 100 $a20140911h19841984 uy 0 101 0 $aeng 135 $aur|n|---||||| 181 $ctxt 182 $cc 183 $acr 200 14$aThe structure of shock waves in magnetohydrodynamics /$fMahmud Hesaaraki 210 1$aProvidence, Rhode Island :$cAmerican Mathematical Society,$d1984. 210 4$d©1984 215 $a1 online resource (106 p.) 225 1 $aMemoirs of the American Mathematical Society,$x0065-9266 ;$vNumber 302 300 $a"May 1984, Volume 49, Number 302 (fourth of 5 numbers)." 311 $a0-8218-2303-5 320 $aIncludes bibliographical references. 327 $a""TABLE OF CONTENTS""; ""CHAPTER I. INTRODUCTION AND BACKGROUND""; ""1.1 The Equations of Motion""; ""1.2 Hypotheses, Rest Points and Some Elementary Results""; ""1.3 The Review of the Literature""; ""1.4 Subject Matter of the Present Work""; ""CHAPTER II. EXISTENCE AND UNIQUENESS OF STRUCTURE FOR FAST AND SLOW SHOCKS""; ""2.1 Some Existence Theorems""; ""2.2 Existence and Uniqueness of Structure for Fast Shocks When I??, I??, I??[sub(1)], k > 0""; ""2.3 Existence of Structure for Fast and Slow Shocks When I?? = 0, I??, I??[sub(1)], k > 0"" 410 0$aMemoirs of the American Mathematical Society ;$vNumber 302. 606 $aMagnetohydrodynamics 606 $aShock waves 608 $aElectronic books. 615 0$aMagnetohydrodynamics. 615 0$aShock waves. 676 $a538/.6 700 $aHesaaraki$b Mahmud$f1947-$0902756 801 0$bMiAaPQ 801 1$bMiAaPQ 801 2$bMiAaPQ 906 $aBOOK 912 $a9910480542903321 996 $aThe structure of shock waves in magnetohydrodynamics$92018084 997 $aUNINA